[Event "2. Bundesliga Ost 2013/2014"]
[Site "Wien"]
[Date "2014.02.22"]
[Round "8"]
[Board "3"]
[White "Danner, Georg"]
[Black "Kopinits, Anna-Christina"]
[Result "1-0"]
[WhiteElo "2316"]
[BlackElo "2286"]
[PlyCount "103"]
[EventDate "2013.10.05"]
[EventType "team"]
[EventRounds "11"]
[EventCountry "AUT"]
[WhiteTeam "SGM Sparkasse Ternitz"]
[BlackTeam "ASVOE Wulkaprodersdorf"]

1. d4 Nf6 2. Nf3 e6 3. e3 b6 4. c4 Bb7 5. Bd3 d5 6. O-O Bd6 7. Nc3 a6 8. cxd5
exd5 9. b3 O-O 10. Bb2 Qe7 11. Ne2 Nbd7 12. Rc1 Ne4 13. Qc2 Rac8 14. Ng3 f5 15.
Qe2 Ra8 16. Rc2 Rf7 17. Rfc1 Nf8 18. Ne5 Bxe5 19. dxe5 Nxg3 20. hxg3 Ne6 21. f4
g6 22. g4 Qh4 23. Qf2 Qxf2+ 24. Kxf2 fxg4 25. Kg3 Bc8 26. Rf2 Nc5 27. Bc2 Bf5
28. b4 Ne6 29. Rd2 Rd8 30. Bb3 Rfd7 31. Ba4 Re7 32. Bc6 g5 33. Rxd5 gxf4+ 34.
exf4 Rf8 35. Rf1 Kg7 36. b5 axb5 37. Ba3 Nc5 38. Rxc5 bxc5 39. Bxc5 Rff7 40.
Bxe7 Rxe7 41. Bxb5 c5 42. Rc1 Rc7 43. a4 Kf7 44. a5 Ke6 45. Bc4+ Ke7 46. a6 h5
47. Kh4 Be6 48. Kxh5 Bxc4 49. Rxc4 Ke6 50. Kxg4 Kd5 51. Ra4 Ra7 52. Kf3 1-0

[Event "2. Bundesliga Ost 2013/2014"]
[Site "Wien"]
[Date "2014.02.22"]
[Round "8"]
[Board "4"]
[White "Newrkla, Katharina"]
[Black "Nemeth, Denes"]
[Result "1-0"]
[WhiteElo "2174"]
[BlackElo "2275"]
[PlyCount "65"]
[EventDate "2013.10.05"]
[EventType "team"]
[EventRounds "11"]
[EventCountry "AUT"]
[WhiteTeam "ASVOE Wulkaprodersdorf"]
[BlackTeam "SGM Sparkasse Ternitz"]

1. e4 c5 2. Nf3 d6 3. d4 cxd4 4. Nxd4 Nf6 5. Nc3 g6 6. Be3 Bg7 7. f3 O-O 8. Qd2
Nc6 9. Bc4 Bd7 10. Bb3 Rc8 11. O-O-O Nxd4 12. Bxd4 b5 13. h4 a5 14. e5 Ne8 15.
exd6 Nxd6 16. Bxg7 Kxg7 17. h5 Rh8 18. Qd4+ f6 19. h6+ Kf8 20. g4 Rc6 21. g5 e5
22. Qd5 a4 23. Ne4 axb3 24. Nxd6 Rxc2+ 25. Kb1 Be8 26. Qxb3 Rc4 27. Nxc4 bxc4
28. Qb4+ Qe7 29. Qxc4 Bd7 30. gxf6 Bf5+ 31. Ka1 Qxf6 32. Rhe1 Be6 33. Qc7 1-0

[Event "2. Bundesliga Ost 2013/2014"]
[Site "Wien"]
[Date "2014.02.22"]
[Round "8"]
[Board "5"]
[White "Matevosyan, Andy"]
[Black "Mesaros, Florian"]
[Result "1-0"]
[WhiteElo "2166"]
[BlackElo "2180"]
[PlyCount "125"]
[EventDate "2013.10.05"]
[EventType "team"]
[EventRounds "11"]
[EventCountry "AUT"]
[WhiteTeam "SGM Sparkasse Ternitz"]
[BlackTeam "ASVOE Wulkaprodersdorf"]

1. e4 c5 2. Nf3 e6 3. d3 Nc6 4. Nbd2 g6 5. g3 Bg7 6. Bg2 Nge7 7. O-O O-O 8. Re1
d6 9. a4 b6 10. Nc4 Qc7 11. Bf4 Ne5 12. Qc1 Bb7 13. Nfxe5 dxe5 14. Bh6 Ba6 15.
Bxg7 Kxg7 16. Ne3 h5 17. b3 Rad8 18. g4 hxg4 19. Nxg4 Ng8 20. h4 f6 21. Qe3 Rd4
22. Qg3 Nh6 23. Nh2 Rdd8 24. Nf3 Nf7 25. Bh3 Bc8 26. Rad1 Qd6 27. Kh1 Rh8 28.
Rg1 Rh6 29. Rg2 Rdh8 30. Rdg1 Kf8 31. Rh2 Ke7 32. Kg2 g5 33. hxg5 Nxg5 34. Nxg5
Rg8 35. Bg4 Rxh2+ 36. Qxh2 Rxg5 37. Kf1 Kd7 38. Qh8 Qe7 39. Rh1 Rg7 40. Bxe6+
Kxe6 41. Qxc8+ Qd7 42. Qa8 Qb7 43. Qe8+ Qe7 44. Qh8 Rf7 45. Qg8 Qf8 46. Qxf8
Rxf8 47. Rh7 Ra8 48. Ke2 Kd6 49. Kd2 Ke6 50. Kc3 Kd6 51. Kc4 Rg8 52. Rxa7 Rg2
53. Kb5 Rxf2 54. Rb7 Rxc2 55. Rxb6+ Kd7 56. Rxf6 Rc3 57. a5 Rxd3 58. Kc4 Rd4+
59. Kxc5 Rxe4 60. a6 Kc7 61. b4 Re1 62. Rf7+ Kb8 63. Kb6 1-0

[Event "2. Bundesliga Ost 2013/2014"]
[Site "Wien"]
[Date "2014.02.22"]
[Round "8"]
[Board "6"]
[White "Exler, Veronika"]
[Black "Braun, Karl-Heinz"]
[Result "0-1"]
[WhiteElo "2148"]
[BlackElo "2050"]
[PlyCount "72"]
[EventDate "2013.10.05"]
[EventType "team"]
[EventRounds "11"]
[EventCountry "AUT"]
[WhiteTeam "ASVOE Wulkaprodersdorf"]
[BlackTeam "SGM Sparkasse Ternitz"]

1. d4 d5 2. c4 c6 3. Nf3 Nf6 4. g3 g6 5. Bg2 Bg7 6. cxd5 cxd5 7. Nc3 O-O 8. Ne5
Nc6 9. f4 e6 10. O-O Bd7 11. e3 Rc8 12. Bd2 Ne8 13. Be1 Nd6 14. b3 Nxe5 15.
fxe5 Nf5 16. Qd3 Bh6 17. Bd2 Qb6 18. g4 Rxc3 19. Qxc3 Rc8 20. Qb2 Bxe3+ 21.
Bxe3 Nxe3 22. Rf2 Nxg4 23. Rf4 Nxe5 24. Bf1 f5 25. Kg2 Ng4 26. Bd3 Bb5 27. Bxb5
Qxb5 28. Re1 Qd3 29. Re2 Ne3+ 30. Kg1 g5 31. Rf3 Qd1+ 32. Kf2 Ng4+ 33. Kg2 Rc1
34. Qd2 Qh1+ 35. Kg3 Rg1+ 36. Rg2 Qxh2# 0-1

[Event "2. Bundesliga Ost 2013/2014"]
[Site "Wien"]
[Date "2014.02.22"]
[Round "8"]
[Board "1"]
[White "Zilka, Stepan"]
[Black "Nagy, Bence"]
[Result "1-0"]
[WhiteElo "2525"]
[BlackElo "2358"]
[PlyCount "69"]
[EventDate "2013.10.05"]
[EventType "team"]
[EventRounds "11"]
[EventCountry "AUT"]
[WhiteTeam "Blackburne Nickelsdorf"]
[BlackTeam "SK Austria"]

1. d4 Nf6 2. c4 g6 3. Nc3 d5 4. cxd5 Nxd5 5. e4 Nxc3 6. bxc3 Bg7 7. Bc4 c5 8.
Ne2 Nc6 9. Be3 O-O 10. O-O Na5 11. Bd3 b6 12. Rc1 Qd6 13. Qd2 Rd8 14. Rfd1 e5
15. d5 c4 16. Bb1 Nb7 17. f4 Bd7 18. f5 Rac8 19. Ng3 Nc5 20. Rf1 b5 21. h4 a5
22. h5 Be8 23. Rf3 Na4 24. Bh6 Qb6+ 25. Kh2 Bf6 26. Rcf1 Rd6 27. fxg6 hxg6 28.
Be3 Qa6 29. Bc2 b4 30. hxg6 fxg6 31. Bg5 Bg7 32. Be7 Nxc3 33. Rf8+ Bxf8 34.
Rxf8+ Kg7 35. Qg5 1-0

[Event "2. Bundesliga Ost 2013/2014"]
[Site "Wien"]
[Date "2014.02.22"]
[Round "8"]
[Board "2"]
[White "Sardy, Peter"]
[Black "Pinter, Erik"]
[Result "1/2-1/2"]
[WhiteElo "2337"]
[BlackElo "2358"]
[PlyCount "129"]
[EventDate "2013.10.05"]
[EventType "team"]
[EventRounds "11"]
[EventCountry "AUT"]
[WhiteTeam "SK Austria"]
[BlackTeam "Blackburne Nickelsdorf"]

1. e4 c6 2. Nc3 d5 3. Qf3 dxe4 4. Nxe4 Nd7 5. Ne2 Ngf6 6. N2g3 g6 7. h4 Bg7 8.
h5 O-O 9. hxg6 hxg6 10. Qf4 Nxe4 11. Nxe4 Nf6 12. Bc4 Qd4 13. Nxf6+ Qxf6 14.
Qh2 Qe5+ 15. Qxe5 Bxe5 16. c3 Bg7 17. d4 e5 18. dxe5 Bxe5 19. Bh6 Bg7 20. O-O-O
Bxh6+ 21. Rxh6 Bf5 22. g4 Kg7 23. Rh4 Be4 24. Rd7 b5 25. Bb3 a5 26. a4 Rad8 27.
Ra7 g5 28. Rh5 Bg6 29. Rxg5 bxa4 30. Bc2 Kh6 31. Rgxa5 Rfe8 32. Bxg6 Re1+ 33.
Kc2 Re2+ 34. Kb1 Kxg6 35. Rb7 Rxf2 36. Rxa4 Rf6 37. Rc4 Rdd6 38. Rc5 Rfe6 39.
Rc7 f6 40. Ka2 Re4 41. R7xc6 Rxc6 42. Rxc6 Ra4+ 43. Kb1 Rxg4 44. b4 Kf5 45. b5
Ke5 46. Kc2 f5 47. b6 Rg2+ 48. Kb3 Rg8 49. Kc4 f4 50. Rc5+ Ke6 51. Kd4 Rf8 52.
Rc6+ Kd7 53. Rc7+ Kd6 54. Rh7 Kc6 55. b7 Rb8 56. Rf7 Rxb7 57. Rf6+ Kd7 58. Rxf4
Rb5 59. Rf6 Rh5 60. c4 Kc7 61. Kc3 Rh3+ 62. Kb4 Rh5 63. Rg6 Rf5 64. c5 Kb7 65.
Kb5 1/2-1/2

[Event "2. Bundesliga Ost 2013/2014"]
[Site "Wien"]
[Date "2014.02.22"]
[Round "8"]
[Board "4"]
[White "Plachetka, Jan"]
[Black "Bachofner, Andreas"]
[Result "1-0"]
[WhiteElo "2365"]
[BlackElo "2222"]
[PlyCount "119"]
[EventDate "2013.10.05"]
[EventType "team"]
[EventRounds "11"]
[EventCountry "AUT"]
[WhiteTeam "SK Austria"]
[BlackTeam "Blackburne Nickelsdorf"]

1. c4 f5 2. Nc3 Nf6 3. g3 e5 4. Bg2 Nc6 5. d3 g6 6. Rb1 Bg7 7. e3 d6 8. Nge2
O-O 9. b4 Ne7 10. O-O Rb8 11. b5 Bd7 12. Qb3 c5 13. bxc6 bxc6 14. Qa3 Rxb1 15.
Nxb1 Qc7 16. Bd2 Be6 17. Ba5 Qd7 18. Bb4 c5 19. Bd2 Rb8 20. Nbc3 e4 21. Nf4 Bf7
22. dxe4 Bxc4 23. Re1 fxe4 24. Nxe4 Nxe4 25. Bxe4 d5 26. Bg2 Rb2 27. Bc1 Rxa2
28. Qxc5 g5 29. Bh3 Qb7 30. Be6+ Kh8 31. Nh5 Bc3 32. Rd1 Qb4 33. Qc7 h6 34.
Qd8+ Kh7 35. Qf8 Ra1 36. Kg2 Be2 37. Bf5+ Nxf5 38. Qxf5+ Kh8 39. Nf6 Qb7 40.
Qg6 Bxf6 41. Qxf6+ Kh7 42. Qf5+ Kg7 43. Qe5+ Kh7 44. Qxa1 Bxd1 45. Qd4 Be2 46.
Bb2 Qf7 47. f4 Kg6 48. h3 g4 49. Kf2 gxh3 50. Kxe2 h2 51. g4 h1=Q 52. f5+ Kg5
53. Qf4+ Kh4 54. Qxh6+ Kxg4 55. Qxh1 Qxf5 56. Qg2+ Kh4 57. Qf2+ Qxf2+ 58. Kxf2
Kg4 59. Bc3 a6 60. Ba5 1-0

[Event "2. Bundesliga Ost 2013/2014"]
[Site "Wien"]
[Date "2014.02.22"]
[Round "8"]
[Board "5"]
[White "Koffler, Daniel"]
[Black "Hangweyrer, Manfred"]
[Result "1/2-1/2"]
[WhiteElo "2180"]
[BlackElo "2375"]
[PlyCount "85"]
[EventDate "2013.10.05"]
[EventType "team"]
[EventRounds "11"]
[EventCountry "AUT"]
[WhiteTeam "Blackburne Nickelsdorf"]
[BlackTeam "SK Austria"]

1. d4 Nf6 2. c4 d6 3. Nc3 Nbd7 4. g3 e5 5. Bg2 g6 6. Nf3 Bg7 7. O-O O-O 8. e4
a6 9. h3 b5 10. c5 exd4 11. Nxd4 Nxc5 12. b4 Ne6 13. Nc6 Qe8 14. e5 dxe5 15.
Nxe5 Rb8 16. Be3 Bb7 17. Bxb7 Rxb7 18. Qf3 c6 19. Rac1 Rc7 20. Rfe1 Qa8 21. Nd3
Re8 22. Nf4 Rce7 23. Nce2 Nxf4 24. Nxf4 Re4 25. Red1 Rxb4 26. Rd6 c5 27. Qxa8
Rxa8 28. Bxc5 Rc4 29. Rxc4 bxc4 30. Rc6 Ne4 31. Be3 c3 32. Ne2 h5 33. f3 Nd2
34. Kf2 Nb1 35. Rb6 Na3 36. Rc6 Nc2 37. Nxc3 Rb8 38. Rc4 Rb2 39. Bc1 Rb7 40.
Nd5 Nd4 41. g4 hxg4 42. hxg4 Rd7 43. Nf4 1/2-1/2

[Event "2. Bundesliga Ost 2013/2014"]
[Site "Wien"]
[Date "2014.02.22"]
[Round "8"]
[Board "6"]
[White "Liedl, Wolfgang"]
[Black "Jirovec, Alfred"]
[Result "1-0"]
[WhiteElo "2200"]
[BlackElo "2050"]
[PlyCount "69"]
[EventDate "2013.10.05"]
[EventType "team"]
[EventRounds "11"]
[EventCountry "AUT"]
[WhiteTeam "SK Austria"]
[BlackTeam "Blackburne Nickelsdorf"]

1. d4 Nf6 2. c4 c5 3. d5 b5 4. cxb5 a6 5. bxa6 Bxa6 6. Nc3 g6 7. e4 Bxf1 8.
Kxf1 d6 9. g3 Bg7 10. Kg2 O-O 11. Nf3 Nbd7 12. a4 Ng4 13. Qc2 Nge5 14. Nxe5
Nxe5 15. Nb5 Qb6 16. Bd2 Rfc8 17. Bc3 Qb7 18. b3 Ra6 19. Rac1 e6 20. Bxe5 Bxe5
21. Qc4 exd5 22. Qxd5 Qe7 23. Rhd1 g5 24. Nd4 Bxd4 25. Rxd4 Rb8 26. Rd3 Rb4 27.
e5 dxe5 28. Rxc5 Re6 29. Re3 Rd4 30. Qa8+ Kg7 31. Rc8 Kh6 32. Rg8 Kh5 33. Qf3+
g4 34. Qf5+ Kh6 35. Rxg4 1-0

[Event "2. Bundesliga Ost 2013/2014"]
[Site "Wien"]
[Date "2014.02.23"]
[Round "9"]
[Board "1"]
[White "Nagy, Bence"]
[Black "Videki, Sandor"]
[Result "0-1"]
[WhiteElo "2358"]
[BlackElo "2434"]
[PlyCount "74"]
[EventDate "2013.10.05"]
[EventType "team"]
[EventRounds "11"]
[EventCountry "AUT"]
[WhiteTeam "SK Austria"]
[BlackTeam "Spg Data Technology Eichgraben/P."]

1. e4 c5 2. Nf3 Nc6 3. d4 cxd4 4. Nxd4 Nf6 5. Nc3 d6 6. Bc4 e6 7. Bb3 a6 8. Be3
Qc7 9. Qe2 Na5 10. O-O-O b5 11. Kb1 Rb8 12. f3 Nd7 13. Bxe6 fxe6 14. Nxe6 Qc4
15. Qe1 Qxe6 16. Nd5 Kf7 17. Qxa5 Bb7 18. Qc7 Bxd5 19. exd5 Qe8 20. Bg5 Qc8 21.
Qa7 h6 22. Bh4 Kg8 23. Qe3 Qe8 24. Qa3 Nc5 25. Rhe1 Qd7 26. Bf2 b4 27. Qe3 Rh7
28. Qe2 Qb5 29. Qd2 Na4 30. Bd4 Qxd5 31. b3 Nc5 32. Qe2 Qf7 33. Bxc5 dxc5 34.
Qxa6 h5 35. Qa4 Rh6 36. Rd7 Qf6 37. Rc7 Qd6 0-1

[Event "2. Bundesliga Ost 2013/2014"]
[Site "Wien"]
[Date "2014.02.23"]
[Round "9"]
[Board "2"]
[White "Ganaus, Hannes"]
[Black "Sardy, Peter"]
[Result "1-0"]
[WhiteElo "2302"]
[BlackElo "2337"]
[PlyCount "83"]
[EventDate "2013.10.05"]
[EventType "team"]
[EventRounds "11"]
[EventCountry "AUT"]
[WhiteTeam "Spg Data Technology Eichgraben/P."]
[BlackTeam "SK Austria"]

1. d4 g6 2. c4 Bg7 3. Nc3 c5 4. d5 Nf6 5. g3 O-O 6. Bg2 a6 7. a4 d6 8. e4 Nbd7
9. f4 Rb8 10. Nge2 Ne8 11. O-O e5 12. f5 Bf6 13. Bh6 Ng7 14. Qd2 Be7 15. g4 f6
16. Be3 Qe8 17. Ng3 Bd8 18. h4 Kh8 19. Bf3 Rg8 20. Kh1 Ba5 21. Qh2 Qf7 22. Be2
Bxc3 23. bxc3 Nf8 24. Bd3 Ne8 25. Ra2 gxf5 26. gxf5 Bd7 27. Rb1 Nc7 28. a5 Be8
29. Rg2 Nd7 30. Bh6 Qe7 31. Rbg1 Bf7 32. Be2 b5 33. axb6 Nxb6 34. Nf1 Na4 35.
Bg7+ Rxg7 36. Rxg7 Rg8 37. Qg3 Qf8 38. Rxg8+ Bxg8 39. Nh2 Bf7 40. Qe3 Qe7 41.
Rb1 Ne8 42. Bd1 1-0

[Event "2. Bundesliga Ost 2013/2014"]
[Site "Wien"]
[Date "2014.02.23"]
[Round "9"]
[Board "3"]
[White "Staudner, Oliver"]
[Black "Neumeier, Klaus"]
[Result "1/2-1/2"]
[WhiteElo "2392"]
[BlackElo "2296"]
[PlyCount "29"]
[EventDate "2013.10.05"]
[EventType "team"]
[EventRounds "11"]
[EventCountry "AUT"]
[WhiteTeam "SK Austria"]
[BlackTeam "Spg Data Technology Eichgraben/P."]

1. e4 c5 2. c3 Nf6 3. e5 Nd5 4. Nf3 Nc6 5. d4 cxd4 6. cxd4 d6 7. Bc4 dxe5 8.
dxe5 Ndb4 9. Qxd8+ Nxd8 10. Na3 Bg4 11. Nd4 e6 12. f3 Bh5 13. Bb5+ Ndc6 14.
Nxc6 bxc6 15. Bc4 1/2-1/2

[Event "2. Bundesliga Ost 2013/2014"]
[Site "Wien"]
[Date "2014.02.23"]
[Round "9"]
[Board "5"]
[White "Hangweyrer, Manfred"]
[Black "Hechl, Gerald"]
[Result "1/2-1/2"]
[WhiteElo "2375"]
[BlackElo "2182"]
[PlyCount "95"]
[EventDate "2013.10.05"]
[EventType "team"]
[EventRounds "11"]
[EventCountry "AUT"]
[WhiteTeam "SK Austria"]
[BlackTeam "Spg Data Technology Eichgraben/P."]

1. e4 e6 2. d4 d5 3. Nc3 h6 4. g3 Nf6 5. Bg2 Bb4 6. exd5 exd5 7. Nge2 O-O 8.
O-O c6 9. Nf4 Bf5 10. Nce2 Re8 11. Nd3 Bd6 12. Bf4 Bg4 13. f3 Bf5 14. Qd2 Bxd3
15. Qxd3 Qe7 16. Kf2 Nbd7 17. c3 Nf8 18. Rfe1 Ng6 19. Qf5 Qe6 20. Qxe6 Rxe6 21.
Bd2 Rae8 22. Rad1 Kf8 23. Bh3 R6e7 24. Bf5 Kg8 25. Nc1 Nf8 26. Nd3 N6d7 27. a4
Ne6 28. Be3 b6 29. b4 Nc7 30. Rd2 b5 31. a5 Nf8 32. Rde2 Nce6 33. Bd2 f6 34.
Kf1 Kf7 35. f4 g6 36. Bxe6+ Nxe6 37. f5 Ng5 38. Bxg5 hxg5 39. fxg6+ Kxg6 40.
Rxe7 Rxe7 41. Rxe7 Bxe7 42. h3 Kf5 43. Nf2 Bd6 44. Kg2 Bc7 45. Kf3 Bd6 46. Ng4
Ke6 47. Nf2 Kf5 48. Nd3 1/2-1/2

[Event "2. Bundesliga Ost 2013/2014"]
[Site "Wien"]
[Date "2014.02.23"]
[Round "9"]
[Board "2"]
[White "Pinter, Erik"]
[Black "Wallner, Joachim"]
[Result "1/2-1/2"]
[WhiteElo "2358"]
[BlackElo "2365"]
[PlyCount "76"]
[EventDate "2013.10.05"]
[EventType "team"]
[EventRounds "11"]
[EventCountry "AUT"]
[WhiteTeam "Blackburne Nickelsdorf"]
[BlackTeam "ASVOE Wulkaprodersdorf"]

1. e4 c5 2. Nf3 e6 3. c3 Nf6 4. Bd3 d5 5. e5 Nfd7 6. O-O Nc6 7. Bb5 a6 8. Bxc6
bxc6 9. d3 Be7 10. Re1 a5 11. c4 Ba6 12. b3 a4 13. Nc3 axb3 14. axb3 O-O 15.
Na4 Qc7 16. Bg5 Bxg5 17. Nxg5 h6 18. Nf3 Rfb8 19. Nc3 Rb7 20. Nb1 Rba7 21. Nbd2
Bc8 22. Rxa7 Qxa7 23. h4 Qa5 24. Qc1 Nb8 25. Qb2 Bd7 26. Rc1 Be8 27. d4 cxd4
28. b4 Qa3 29. Qxa3 Rxa3 30. Nxd4 Ra4 31. cxd5 exd5 32. Rb1 Na6 33. Nxc6 Bxc6
34. b5 Nb8 35. bxc6 Nxc6 36. Rb5 Ra1+ 37. Kh2 Nxe5 38. Rxd5 Ng4+ 1/2-1/2

[Event "2. Bundesliga Ost 2013/2014"]
[Site "Wien"]
[Date "2014.02.23"]
[Round "9"]
[Board "3"]
[White "Kopinits, Anna-Christina"]
[Black "Vlcek, Stanislav"]
[Result "1/2-1/2"]
[WhiteElo "2286"]
[BlackElo "2309"]
[PlyCount "72"]
[EventDate "2013.10.05"]
[EventType "team"]
[EventRounds "11"]
[EventCountry "AUT"]
[WhiteTeam "ASVOE Wulkaprodersdorf"]
[BlackTeam "Blackburne Nickelsdorf"]

1. e4 c5 2. b3 d6 3. Bb2 Nf6 4. Bb5+ Nc6 5. d3 e6 6. Nd2 Bd7 7. f4 a6 8. Bxc6
Bxc6 9. Ngf3 Be7 10. O-O O-O 11. Qe1 Nd7 12. Qg3 f6 13. d4 Re8 14. c4 cxd4 15.
Nxd4 Nf8 16. Kh1 Qa5 17. Bc3 Qh5 18. f5 e5 19. Nc2 Nd7 20. b4 b5 21. Qd3 Nb6
22. Ne3 Qf7 23. Nd5 bxc4 24. Nxc4 Nxc4 25. Qxc4 Bb5 26. Qc7 Bxf1 27. Rxf1 Bf8
28. Qa5 Rac8 29. Qxa6 Ra8 30. Qc4 Kh8 31. Qb3 Qa7 32. Rb1 Reb8 33. Rb2 Be7 34.
a4 Bd8 35. Ra2 Qa6 36. Qb1 Qc4 1/2-1/2

[Event "2. Bundesliga Ost 2013/2014"]
[Site "Wien"]
[Date "2014.02.23"]
[Round "9"]
[Board "4"]
[White "Bachofner, Andreas"]
[Black "Newrkla, Katharina"]
[Result "1-0"]
[WhiteElo "2222"]
[BlackElo "2174"]
[PlyCount "41"]
[EventDate "2013.10.05"]
[EventType "team"]
[EventRounds "11"]
[EventCountry "AUT"]
[WhiteTeam "Blackburne Nickelsdorf"]
[BlackTeam "ASVOE Wulkaprodersdorf"]

1. e4 c5 2. Nc3 Nc6 3. f4 g6 4. Nf3 Bg7 5. Bc4 e6 6. O-O Nge7 7. e5 d5 8. exd6
Qxd6 9. Ne4 Qc7 10. d3 b6 11. Qe1 Nb4 12. Bb3 O-O 13. Qh4 Nbd5 14. g4 Bb7 15.
Bd2 Rad8 16. c4 Nb4 17. Bc3 Bxe4 18. Ng5 h6 19. Nxe4 Rxd3 20. Nf6+ Bxf6 21.
Bxf6 1-0

[Event "2. Bundesliga Ost 2013/2014"]
[Site "Wien"]
[Date "2014.02.23"]
[Round "9"]
[Board "5"]
[White "Mesaros, Florian"]
[Black "Koffler, Daniel"]
[Result "1-0"]
[WhiteElo "2180"]
[BlackElo "2180"]
[PlyCount "91"]
[EventDate "2013.10.05"]
[EventType "team"]
[EventRounds "11"]
[EventCountry "AUT"]
[WhiteTeam "ASVOE Wulkaprodersdorf"]
[BlackTeam "Blackburne Nickelsdorf"]

1. Nf3 Nf6 2. c4 e6 3. g3 d5 4. d4 c5 5. Bg2 Nc6 6. cxd5 exd5 7. O-O Be7 8. Nc3
O-O 9. Bg5 c4 10. Ne5 Be6 11. Bxf6 Bxf6 12. f4 g6 13. Qd2 Bg7 14. Rad1 Rc8 15.
Kh1 Re8 16. e4 Ne7 17. exd5 Nxd5 18. f5 gxf5 19. Nxd5 Bxd5 20. Rxf5 Bxg2+ 21.
Kxg2 Qd5+ 22. Rf3 Bxe5 23. Qg5+ Kh8 24. dxe5 Qxe5 25. Qxe5+ Rxe5 26. Rxf7 Re2+
27. Kh3 Rxb2 28. Rdd7 c3 29. Rxh7+ Kg8 30. Rdg7+ Kf8 31. Rxb7 Rxb7 32. Rh8+ Kg7
33. Rxc8 Rb2 34. Rxc3 Rxa2 35. g4 a5 36. Kg3 a4 37. h4 Rb2 38. Rc7+ Kg6 39.
Rc6+ Kg7 40. Rc7+ Kg6 41. h5+ Kg5 42. Rc5+ Kh6 43. Ra5 Rb3+ 44. Kh4 a3 45. Ra7
Rb5 46. g5+ 1-0

[Event "2. Bundesliga Ost 2013/2014"]
[Site "Wien"]
[Date "2014.02.23"]
[Round "9"]
[Board "6"]
[White "Bachofner, Christian"]
[Black "Steinwender, Peter"]
[Result "1/2-1/2"]
[WhiteElo "2076"]
[BlackElo "2059"]
[PlyCount "36"]
[EventDate "2013.10.05"]
[EventType "team"]
[EventRounds "11"]
[EventCountry "AUT"]
[WhiteTeam "Blackburne Nickelsdorf"]
[BlackTeam "ASVOE Wulkaprodersdorf"]

1. e4 c5 2. Nf3 d6 3. d4 cxd4 4. Nxd4 Nf6 5. Nc3 a6 6. Bc4 e6 7. Bb3 b5 8. a3
Bb7 9. Qe2 Nbd7 10. f3 Rc8 11. Be3 Qc7 12. O-O Nb6 13. Rad1 Nc4 14. Bxc4 Qxc4
15. Qxc4 Rxc4 16. Nb3 Ba8 17. Na5 Rc8 18. Bf4 d5 1/2-1/2

[Event "2. Bundesliga Ost 2013/2014"]
[Site "Wien"]
[Date "2014.02.23"]
[Round "9"]
[Board "1"]
[White "Loeffler, Stefan"]
[Black "Csonka, Attila"]
[Result "1-0"]
[WhiteElo "2415"]
[BlackElo "2387"]
[PlyCount "53"]
[EventDate "2013.10.05"]
[EventType "team"]
[EventRounds "11"]
[EventCountry "AUT"]
[WhiteTeam "ASVOE VHS Poechlarn"]
[BlackTeam "SGM Sparkasse Ternitz"]

1. Nf3 Nf6 2. g3 d5 3. Bg2 e6 4. O-O Be7 5. d3 O-O 6. Nbd2 b6 7. e4 c5 8. Re1
Nc6 9. e5 Nd7 10. Nf1 Ba6 11. h4 Rc8 12. a3 b5 13. Bf4 Nb6 14. Ng5 h6 15. Nh3
Re8 16. Qg4 Kh8 17. Qh5 Kg8 18. Nh2 Nd4 19. Bxh6 gxh6 20. Ng4 Nf5 21. Be4 dxe4
22. dxe4 Rc6 23. Rad1 Qc8 24. exf5 exf5 25. e6 Rxe6 26. Rxe6 Qxe6 27. Nf4 1-0

[Event "2. Bundesliga Ost 2013/2014"]
[Site "Wien"]
[Date "2014.02.23"]
[Round "9"]
[Board "2"]
[White "Schwarhofer, Christopher"]
[Black "Kostic, Vladimir"]
[Result "0-1"]
[WhiteElo "2310"]
[BlackElo "2436"]
[PlyCount "180"]
[EventDate "2013.10.05"]
[EventType "team"]
[EventRounds "11"]
[EventCountry "AUT"]
[WhiteTeam "SGM Sparkasse Ternitz"]
[BlackTeam "ASVOE VHS Poechlarn"]

1. e4 c5 2. Nc3 e6 3. Nf3 Nc6 4. d4 cxd4 5. Nxd4 Nf6 6. Be2 Bb4 7. Qd3 d5 8.
Nxc6 bxc6 9. exd5 exd5 10. O-O O-O 11. Bg5 Re8 12. Bf3 h6 13. Bh4 g5 14. Bg3 g4
15. Be2 a5 16. Bh4 Qd6 17. Qd4 Bxc3 18. Qxc3 Rxe2 19. Bxf6 Bf5 20. Rac1 c5 21.
Bh4 d4 22. Qc4 Rae8 23. Qb5 Bd7 24. Qxa5 Bc6 25. Qa3 R8e3 26. Qa5 Re8 27. Qa3
h5 28. Qg3 Qg6 29. h3 R8e4 30. f3 gxf3 31. Qxg6+ fxg6 32. Bf2 fxg2 33. Rfe1 Rd2
34. Red1 Ree2 35. Rxd2 Rxd2 36. b4 c4 37. Be1 Re2 38. Bf2 Re4 39. Rd1 d3 40.
cxd3 cxd3 41. Rxd3 Rxb4 42. Re3 Rc4 43. a3 Kf7 44. Kh2 Be4 45. Rb3 Rc2 46. Bg1
Ke6 47. a4 Ra2 48. Rb6+ Kd7 49. Rb4 Bd5 50. Rb5 Bc6 51. Rg5 Be4 52. Re5 Rxa4
53. Rg5 Ke6 54. Rg3 Kf5 55. Rc3 Bd5 56. Rd3 Ra5 57. Rc3 Ra1 58. Rd3 Be4 59. Rb3
Rd1 60. Rb5+ Kf4 61. Rb3 Re1 62. Rb8 Re2 63. Rf8+ Bf5 64. Rb8 g5 65. Rb3 Be4
66. Ba7 Re1 67. Bg1 g4 68. hxg4 hxg4 69. Ra3 Bc6 70. Rc3 Re6 71. Be3+ Kf3 72.
Bg5+ Ke2 73. Rc2+ Kd3 74. Rc1 Bf3 75. Ra1 Re8 76. Kg3 Rh8 77. Bh4 Rg8 78. Rg1
Ke2 79. Be7 Rh8 80. Ra1 Rh3+ 81. Kf4 Rh1 82. Ra2+ Kd3 83. Bc5 g1=Q 84. Bxg1
Rxg1 85. Ra3+ Ke2 86. Ra2+ Ke1 87. Ke3 Bd1 88. Kf4 Rh1 89. Kg3 Rh3+ 90. Kg2
Bf3+ 0-1

[Event "2. Bundesliga Ost 2013/2014"]
[Site "Wien"]
[Date "2014.02.23"]
[Round "9"]
[Board "3"]
[White "Weinzettl, Ernst"]
[Black "Danner, Georg"]
[Result "1/2-1/2"]
[WhiteElo "2312"]
[BlackElo "2316"]
[PlyCount "198"]
[EventDate "2013.10.05"]
[EventType "team"]
[EventRounds "11"]
[EventCountry "AUT"]
[WhiteTeam "ASVOE VHS Poechlarn"]
[BlackTeam "SGM Sparkasse Ternitz"]

1. e4 c5 2. Nf3 d6 3. Bb5+ Bd7 4. Bxd7+ Nxd7 5. b3 Ngf6 6. Qe2 g6 7. Bb2 Bg7 8.
a4 O-O 9. Na3 Ng4 10. Bxg7 Kxg7 11. Ng5 Nge5 12. f4 Nc6 13. O-O e6 14. c3 Qe7
15. Rae1 h6 16. Nf3 Nf6 17. e5 Ne8 18. Nc2 Rd8 19. Ne3 d5 20. d4 Nc7 21. g4
cxd4 22. cxd4 f6 23. exf6+ Qxf6 24. Ne5 Nxe5 25. dxe5 Qe7 26. Ng2 Na6 27. f5
exf5 28. gxf5 Rxf5 29. Rxf5 gxf5 30. e6 Qf6 31. Kh1 Kh7 32. Qh5 Nc7 33. Nf4 Rg8
34. Qf7+ Qg7 35. Qxf5+ Kh8 36. e7 Ne8 37. Qxd5 Qg5 38. Qd4+ Rg7 39. Rf1 Kh7 40.
Qe4+ Kg8 41. Nd5 Rg6 42. Nf4 Rg7 43. Ne6 Qxe7 44. Rf8+ Qxf8 45. Nxf8 Kxf8 46.
Qf4+ Ke7 47. Qxh6 a6 48. Qe3+ Kf8 49. Qe4 Re7 50. Qf5+ Rf7 51. Qc5+ Kg7 52. Kg2
Nf6 53. h4 Ng8 54. Qd5 Nh6 55. Qe5+ Kh7 56. Qe4+ Kg7 57. h5 Ng8 58. Qg6+ Kf8
59. h6 Nf6 60. Qg5 Ke8 61. Qe5+ Kd7 62. Kh3 Nh7 63. Qd5+ Ke8 64. Qe6+ Re7 65.
Qg8+ Nf8 66. Kh4 Rf7 67. Kh5 Ke7 68. Qg5+ Ke8 69. Qe5+ Re7 70. Qb8+ Kf7 71.
Qf4+ Ke8 72. Qf5 Rd7 73. b4 Re7 74. Qc8+ Kf7 75. Qc4+ Ke8 76. Qg8 Rf7 77. Qg4
Rd7 78. Qe4+ Re7 79. Qd3 Rd7 80. Qc4 Re7 81. Kg5 Rd7 82. Kf6 Nh7+ 83. Ke5 Re7+
84. Kf5 Nf8 85. Qc8+ Kf7 86. a5 Kg8 87. Qc4+ Kh7 88. Kf6 Rd7 89. Qc2+ Kg8 90.
Qg2+ Kh7 91. Qe4+ Kh8 92. Qg4 Kh7 93. Qf5+ Kg8 94. Ke5 Rf7 95. Qxf7+ Kxf7 96.
Kd6 Ng6 97. Kc7 Nf4 98. Kxb7 Nd3 99. h7 Kg7 1/2-1/2